| 000 | 00495nam a22001457a 4500 | ||
|---|---|---|---|
| 082 | _a621.3 | ||
| 100 | _aTariq, Waseem | ||
| 245 |
_aDevelopment of improved frequency weighted model order reduction techniques / _cWaseem Tariq. |
||
| 260 |
_aIslamabad: _bCEME - NUST, _c2017. |
||
| 300 |
_a55p.: ill.; _c30cm. |
||
| 650 |
_aElectrical Engineering - MS Theses. _926977 |
||
| 700 |
_aSup: Dr. Muwahida Liaquat. _934763 |
||
| 942 |
_2ddc _cTHE |
||
| 999 |
_c540724 _d540724 |
||